Некоторые аспекты социальной роли литературы и механизмы психологического воздействия текста на личность. Современный взгляд на культуру чтения; Научные и технические библиотеки; № 8

التفاصيل البيبلوغرافية
Parent link:Научные и технические библиотеки: ежемесячный сборник по вопросам теории и практики библиотечного дела/ Государственная публичная научно-техническая библиотека России.— , 1994-.— 0130-9765
№ 8.— 2004.— С. 31-44
المؤلف الرئيسي: Дрешер Ю. Н. Юлия Николаевна
اللغة:الروسية
منشور في: 2004
الموضوعات:
التنسيق: MixedMaterials فصل الكتاب
KOHA link:https://koha.lib.tpu.ru/cgi-bin/koha/opac-detail.pl?biblionumber=396327

MARC

LEADER 00000naa2a2200000 4500
001 396327
005 20231101064741.0
035 |a (RuTPU)RU\TPU\prd\34193 
035 |a RU\TPU\prd\34192 
090 |a 396327 
100 |a 20050325a2004 k y0rusy50 ca 
101 0 |a rus 
102 |a RU 
200 1 |a Некоторые аспекты социальной роли литературы и механизмы психологического воздействия текста на личность. Современный взгляд на культуру чтения  |f Ю. Н. Дрешер 
320 |a Библиогр.: 16 назв. 
461 0 |0 (RuTPU)RU\TPU\prd\1594  |x 0130-9765  |t Научные и технические библиотеки  |o ежемесячный сборник по вопросам теории и практики библиотечного дела  |f Государственная публичная научно-техническая библиотека России  |d 1994- 
463 0 |0 (RuTPU)RU\TPU\prd\29181  |t № 8  |v С. 31-44  |d 2004 
610 1 |a социальная роль литературы 
610 1 |a литература 
610 1 |a культура чтения 
610 1 |a роль чтения 
610 1 |a психологическое воздействие 
610 1 |a текст 
610 1 |a личность 
610 1 |a современный взгляд 
700 1 |a Дрешер  |b Ю. Н.  |g Юлия Николаевна 
801 1 |a RU  |b 63413507  |c 20050311  |g PSBO 
801 2 |a RU  |b 63413507  |c 20060607  |g PSBO 
942 |c BK